000 00465nam a2200169Ia 4500
003 GCL
008 140319s9999 xx 000 0 ara d
040 _aGCL /
_cGCL
082 0 4 _a811.94
_bا ل
100 1 _aايمان بكرى
245 1 0 _aالليل وخصلات الشمس /
_cايمان بكرى
300 _a158 ص
490 _a
650 0 4 _aدواوين وقصائد
650 0 4 _aالشعر العربى - العصر الحديث
942 _2ddc
_cBK
999 _c37982
_d37982